000 00708cam a2200277 4500
001 J97233
008 090401t1999 xxu||||| |||| 00| 0 eng d
035 _a(Sirsi) u91906
041 _aeng
050 _a333.337016
110 _aCB Hillier Parker
_93660
245 _aHillier Parker rent index. - February - November 1999
260 _aLondon
_bCB Hillier Parker
_c1999
300 _a4 pt. ; 30cm.
350 _a0
650 _aHILLIER PARKER RENT INDEX
650 _aINDICES
650 _aINDUSTRIAL PROPERTY
650 _aOFFICES
650 _aRENTS
650 _aSHOPS
690 _aPROPERTY-COMMERCIAL PROPERTY
710 _aHillier Parker
_92054
942 _n0
948 _c10/03/1999
999 _c97687
_d97687